| 000 | 00604nam a22002417a 4500 | ||
|---|---|---|---|
| 003 | UA-OsUOA | ||
| 001 | 20416 | ||
| 007 | ta | ||
| 008 | 20031028b un ||||| |||| 00| 0 ukr d | ||
| 100 | _aКондратов А.М. | ||
| 090 |
_a910.4 (40+571) _bК64 |
||
| 942 | _cBK | ||
| 040 |
_aUA-OsUOA _brus _cUA-OsUOA _dUA-OsUOA |
||
| 245 | _aАтлантиды ищите на шельфе | ||
| 300 | _a223 с. | ||
| 955 | _a0 | ||
| 041 | _arus | ||
| 080 | _a910.4 (40+571) | ||
| 260 |
_aЛенинград _bГидрометеоиздат _c1988 |
||
| 044 | _aRU | ||
| 650 | 7 | _2UDC | |
| 999 |
_c306593 _d306593 |
||